000
00354nam a2200145Ia 4500
008
090124s9999 xx 000 0 und d
082
_b
302825
245
_a
मोतिया
250
_a
1
260
_b
खिरे जयश्री
_c
1994
300
_a
139
630
_a
मोतिया
730
_a
मोतिया
942
_c
BOOK
999
_c
192462
_d
192462